Deportes individuales (Registro nro. 1722)

Detalles MARC
000 -CABECERA
Longitud fija campo de control 00973nam a2200301Ia 4500
005 - • FECHA Y HORA DE LA ÚLTIMA TRANSACCIÓN
Fecha y hora de la última transacción 20220316235647.0
008 - • CÓDIGOS DE INFORMACIÓN DE LONGITUD FIJA
Códigos de información de longitud fija 121119s2002 sp a gr 000 0 spa
020 ## - • NÚMERO INTERNACIONAL NORMALIZADO PARA LIBROS
Número Internacional Normalizado para Libros (ISBN) 8495114011
041 0# - • CÓDIGO DE LENGUA
Código de lengua del texto/banda sonora o título independiente spa
082 04 - • NÚMERO DE LA CLASIFICACIÓN DECIMAL DEWEY
Número de clasificación (R) 796.04
Número del ítem B17d
040 ## - FUENTE DE LA CATALOGACIÓN
Centro catalogador de origen CO-BoRNBP
Lengua de catalogación spa
Normas de descripción rda
Centro transcriptor CO-BoRNBP
100 1# - • PUNTO DE ACCESO PRINCIPAL-NOMBRE DE PERSONA
Nombre de persona Batalla Flores, Albert
245 10 - • TITULO PROPIAMENTE DICHO
Título Deportes individuales
Mención de responsabilidad, etc. Albert Batalla Flores, Paqui Martinez Galante ; ilustraciones, Samuel Aznar y Manuel Aznar
250 ## - • MENCIÓN DE EDICIÓN
Mención de edición Primera edición
264 ## - PRODUCCIÓN, PUBLICACIÓN , DISTRIBUCIÓN, FABRICACIÓN Y COPYRIGHT
Lugar de producción, publicación, distribución, fabricación Barcelona
Nombre del productor, editor, distribuidor, fabricante INDE
Fecha de de producción, publicación, distribución, fabricación o copyright 2002
300 ## - • DESCRIPCIÓN FÍSICA
Extensión 105 páginas
Otras características físicas ilustraciones
Dimensiones 23 cm
336 ## - TIPO DE CONTENIDO
Término de tipo de contenido texto
Código de tipo de contenido txt
Fuente rdacontent
337 ## - TIPO DE MEDIO
Nombre del tipo de medio sin mediación
Código del tipo de medio n
Fuente rdamedia
338 ## - TIPO DE SOPORTE
Nombre del tipo de soporte volumen
Código del tipo de soporte nc
Fuente rdacarrier
490 0# - • MENCIÓN DE SERIE
Mención de serie Biblioteca temática del deporte
650 14 - • PUNTO DE ACCESO ADICIONAL DE MATERIA - TÉRMINO DE MATERIA
Término de materia o nombre geográfico como elemento inicial Deportes
Fuente del encabezamiento o término LEMB
650 14 - • PUNTO DE ACCESO ADICIONAL DE MATERIA - TÉRMINO DE MATERIA
Término de materia o nombre geográfico como elemento inicial Deportes náuticos
Fuente del encabezamiento o término LEMB
650 14 - • PUNTO DE ACCESO ADICIONAL DE MATERIA - TÉRMINO DE MATERIA
Término de materia o nombre geográfico como elemento inicial Gimnasia
Fuente del encabezamiento o término LEMB
700 1# - • PUNTO DE ACCESO ADICIONAL - NOMBRE DE PERSONA
Nombre de persona Martínez Galante, Paqui
700 1# - • PUNTO DE ACCESO ADICIONAL - NOMBRE DE PERSONA
Nombre de persona Aznar, Samuel
700 1# - • PUNTO DE ACCESO ADICIONAL - NOMBRE DE PERSONA
Nombre de persona Aznar, Manuel
942 ## - ENTRADA DE ELEMENTOS AGREGADOS (KOHA)
Fuente de clasificaión o esquema Dewey Decimal Classification
Koha [por defecto] tipo de item LIbro
Existencias
Perdido Fuente de clasificación o esquema Estado Físico No para préstamo Forma de adquisición Localización permanente Localización actual Localización en estanterías Fecha adquisición Signatura completa Código de barras Fecha última consulta Número de copia Fecha del precio de reemplazo Tipo de item de Koha Préstamos totales
  Dewey Decimal Classification     Colección General Biblioteca Pública Dorado Biblioteca Pública Dorado General 01/16/2023 796.04 B17d DOR00801 01/16/2023 Ej.1 01/16/2023 LIbro  
  Dewey Decimal Classification     Colección General Biblioteca Pública Fuentedeoro - Henry Llanos García Biblioteca Pública Fuentedeoro - Henry Llanos García General 05/30/2023 796.04 B17d Fo0000961 05/30/2023 Ej.1 05/30/2023 LIbro  
  Dewey Decimal Classification     Sala General Biblioteca Pública José Eustasio Rivera - San Martin Biblioteca Pública José Eustasio Rivera - San Martin General 09/11/2023 796.04 B17d SM002558 09/11/2023 Ej.1 09/11/2023 LIbro  
  Dewey Decimal Classification     Colección General Biblioteca Pública Puerto Lleras Biblioteca Pública Puerto Lleras General 07/03/2025 796.04 B17d PLL02245 07/03/2025 Ej.1 07/03/2025 LIbro  
  Dewey Decimal Classification     Colección General Biblioteca Pública Puerto López - Jorge Eliecer Gaitán Biblioteca Pública Puerto López - Jorge Eliecer Gaitán General 08/26/2025 796.04 B17d PLZ02761 08/26/2025 Ej.1 08/26/2025 LIbro  
  Dewey Decimal Classification     Colección General Biblioteca Pública San Carlos de Guaroa - Eduardo Carranza Biblioteca Pública San Carlos de Guaroa - Eduardo Carranza General 06/24/2025 796.04 B17d SG03357 06/24/2025 Ej.1 06/24/2025 LIbro  
  Dewey Decimal Classification     Colección General Biblioteca Pública El Castillo - Alfonso Meneses Biblioteca Pública El Castillo - Alfonso Meneses General 07/07/2023 796.04 B17c EC00958 07/07/2023 Ej.1 07/07/2023 LIbro  
  Dewey Decimal Classification     Colección General Biblioteca Pública Barranca de Upia - María Dolores Herrera Biblioteca Pública Barranca de Upia - María Dolores Herrera General 07/24/2025 796.04 B17d BUP1950 07/24/2025 Ej.1 07/24/2025 LIbro  
  Dewey Decimal Classification     Colección General Biblioteca Pública Guamal Biblioteca Pública Guamal General 04/03/2023 796.04 B17d GUA002933 04/03/2023 Ej.1 04/03/2023 LIbro  
  Dewey Decimal Classification     Colección General Biblioteca Pública Mapiripan Biblioteca Pública Mapiripan General 01/09/2024 796.04 B17d MAP0000987 01/09/2024 Ej.1 01/09/2024 LIbro  
  Clasificación Local Facetada     Colección General Biblioteca Pública Puerto Concordia Biblioteca Pública Puerto Concordia General 02/26/2026 796.04 B17d PCON02344 02/26/2026 Ej.1 02/26/2026 LIbro  
  Dewey Decimal Classification     Colección General Biblioteca Pública Puerto Rico Biblioteca Pública Puerto Rico General 03/27/2023 796.04 B17d PR00000813 03/27/2023 Ej.1 03/27/2023 LIbro  
  Dewey Decimal Classification     Colección General Biblioteca Pública Uribe - Reinerio Arenas Biblioteca Pública Uribe - Reinerio Arenas General 08/15/2024 796.04 B17d URI01044 08/15/2024 Ej.1 08/15/2024 LIbro  









Instituto Departamental de Cultura del Meta - Red Departamental de Bibliotecas Públicas del Meta.